| 000 | 00801cam a2200277 4500 | ||
|---|---|---|---|
| 008 | 090401t1994 xxu||||| |||| 00| 0 eng d | ||
| 020 | _a0854066330 | ||
| 035 | _a(Sirsi) u59672 | ||
| 041 | _aeng | ||
| 050 | _a658.404 | ||
| 090 | _aRICS 1994/31ABCD | ||
| 110 |
_aRoyal Institution of Chartered Surveyors _94900 |
||
| 245 | _aSelection and appointment of the project manager: guidance note. | ||
| 260 |
_aLondon _bRICS _c1994 |
||
| 300 | _a(14)p. ; 30cm. | ||
| 350 | _a0 | ||
| 520 | _aProduced by the Project Management Skills Panel. | ||
| 650 | _aGUIDANCE NOTES | ||
| 650 | _aPROJECT MANAGEMENT SKILLS PANEL | ||
| 650 | _aMANAGEMENT-PROJECT MANAGEMENT | ||
| 650 | _aPROJECT MANAGERS | ||
| 650 | _aRICS | ||
| 690 |
_aProject management _96261 |
||
| 942 | _n0 | ||
| 948 | _c04/03/1997 | ||
| 999 |
_c94173 _d94173 |
||